[Event "Chalkida Tessas op-ch"]
[Site "Chalkida"]
[Date "2008.06.21"]
[Round "1"]
[White "Hatzigiannis, Spiridon"]
[Black "Lapsatis, Athanasios"]
[Result "0-1"]
[WhiteElo "1710"]
[BlackElo "1000"]
[PlyCount "44"]
[EventDate "2008.06.21"]
[EventType "swiss"]
[EventRounds "6"]
[EventCountry "GRE"]
[SourceTitle "EXT 2010"]
[Source "ChessBase"]
[SourceDate "2010.11.25"]
[SourceVersion "1"]
[SourceVersionDate "2010.11.25"]
[SourceQuality "1"]

1. e4 e5 2. Nf3 Nc6 3. Bc4 Be7 4. 0-0 Nf6 5. Qe2 a6 6. c3 0-0 7. d4 exd4 8. cxd4 d5 9. exd5 Nxd5 10. Nc3 Be6 11. Rd1 Bf6 12. Ne4 Re8 13. Nxf6+ Nxf6 14. Bg5 Bg4 15. Qd3 b5 16. Bb3 Qd6 17. Rac1 Bxf3 18. Qxf3 Nxd4 19. Qd3 Ne2+ 20. Qxe2 Rxe2 21. Rxd6 cxd6 22. Kf1 Rxb2 0-1